Kľúčové slová - kostra vety. Štúdium angličtiny rýchlejšie a presnejšie.

Výklad princípu prekladu aj najťažších časťí anglických viet - slovenských štruktúr. Podrobne v pomôcke k štúdiu angličtiny v skriptách: Schenková, B.: Kľúč k anglickej vete.

Salvato in:
Dettagli Bibliografici
Autore principale: Schenková, B.
Natura: Capitolo di libro
Lingua:slovacco
Soggetti:
Tags: Aggiungi Tag
Nessun Tag, puoi essere il primo ad aggiungerne!!

MARC

LEADER 00000naa a2200000 4500
001 r012416
005 20220826094211.5
041 0 |a slo 
044 |a SK 
245 1 0 |a Kľúčové slová - kostra vety.  |b Štúdium angličtiny rýchlejšie a presnejšie.  |c B. Schenková 
520 |a Výklad princípu prekladu aj najťažších časťí anglických viet - slovenských štruktúr. Podrobne v pomôcke k štúdiu angličtiny v skriptách: Schenková, B.: Kľúč k anglickej vete. 
610 2 0 |a angličtina 
610 2 0 |a učebnice 
100 1 |a Schenková, B.